<?xml version="1.0" encoding="UTF-8"?>
<record
    xmlns:xsi="http://www.w3.org/2001/XMLSchema-instance"
    xsi:schemaLocation="http://www.loc.gov/MARC21/slim http://www.loc.gov/standards/marcxml/schema/MARC21slim.xsd"
    xmlns="http://www.loc.gov/MARC21/slim">

  <leader>02123nam a2200265 i 4500</leader>
  <controlfield tag="003">CSPC</controlfield>
  <controlfield tag="005">20251106093246.0</controlfield>
  <controlfield tag="007">ta</controlfield>
  <controlfield tag="008">231122s2021    ph a     m    000 0beng  </controlfield>
  <datafield tag="090" ind1=" " ind2=" ">
    <subfield code="a">UTH BSOA Ar43i</subfield>
  </datafield>
  <datafield tag="100" ind1=" " ind2=" ">
    <subfield code="a">Arines, Louie Jay</subfield>
    <subfield code="d">author.</subfield>
  </datafield>
  <datafield tag="245" ind1="1" ind2="0">
    <subfield code="a">Impact of synchronous online learning to the first year students of Camarines Sur Polytechnic Colleges, Buhi Campus /</subfield>
    <subfield code="c">Louie Jay Arines, Jo Ann D. Avila, and Margie I. Mora. </subfield>
  </datafield>
  <datafield tag="260" ind1=" " ind2=" ">
    <subfield code="a">Buhi, Camariens Sur :</subfield>
    <subfield code="b">Camarines Sur Polytechnic Colleges,</subfield>
    <subfield code="c">2021.</subfield>
  </datafield>
  <datafield tag="300" ind1=" " ind2=" ">
    <subfield code="a">65 leaves. </subfield>
  </datafield>
  <datafield tag="502" ind1=" " ind2=" ">
    <subfield code="a">Undergraduate Thesis (BSOA)- Office Administration</subfield>
    <subfield code="c">Camarines Sur Polytechnic Colleges, 2021. </subfield>
  </datafield>
  <datafield tag="520" ind1=" " ind2=" ">
    <subfield code="a">This study aims to determine the impact of Synchronous Online Learning to the first year students of Camarines Sur Polytechnic Colleges- Buhi Campus. It seek to answer the following questions  (1.)  To determine the profile of the respondents in terms of (a.) age (b.) sex (c.) civil status; (2.) Impact of synchronous online learning to  the first year students of Camarines Sur Polytechnic Colleges Buhi Campus; and (3.) Proposed recommendations to improve the synchronous online learning to the first year students of Camarines Sur Polytechnic Colleges Buhi Campus. The methodology used was Descriptive Research Method.   

        The conclusion drawn from the study are (1.) Majority of the respondents were single, female and aged 19- 20 years old. (2.) The impact of synchronous online learning to the first year student of Camarines Sur Polytechnic Colleges Buhi Campus were majority rated as Agree (3.) The respondents proposed recommendations to improve the synchronous learning to the first year students of Camarines Sur Polytechnic Colleges Buhi Campus. </subfield>
  </datafield>
  <datafield tag="700" ind1=" " ind2=" ">
    <subfield code="a">Avila, Jo Ann D.,</subfield>
    <subfield code="e">author.</subfield>
  </datafield>
  <datafield tag="700" ind1=" " ind2=" ">
    <subfield code="a">Mora, Margie I.,</subfield>
    <subfield code="e">author.</subfield>
  </datafield>
  <datafield tag="720" ind1=" " ind2=" ">
    <subfield code="a">Oliveros, Josefin N.,</subfield>
    <subfield code="e">adviser</subfield>
  </datafield>
  <datafield tag="720" ind1=" " ind2=" ">
    <subfield code="a">Infnate, Leonisa D.,</subfield>
    <subfield code="e">panelist, chair.</subfield>
  </datafield>
  <datafield tag="720" ind1=" " ind2=" ">
    <subfield code="a">Rosal, Jhomer I.,</subfield>
    <subfield code="e">panelist.</subfield>
  </datafield>
  <datafield tag="720" ind1=" " ind2=" ">
    <subfield code="a">Villar, Mariber M.,</subfield>
    <subfield code="e">panelist.</subfield>
  </datafield>
  <datafield tag="942" ind1=" " ind2=" ">
    <subfield code="2">ddc</subfield>
    <subfield code="n">0</subfield>
    <subfield code="c">UM</subfield>
    <subfield code="h">Ar43i </subfield>
    <subfield code="i">UTH</subfield>
    <subfield code="k">BSOA </subfield>
    <subfield code="m">2021</subfield>
  </datafield>
  <datafield tag="952" ind1=" " ind2=" ">
    <subfield code="0">0</subfield>
    <subfield code="1">0</subfield>
    <subfield code="2">ddc</subfield>
    <subfield code="4">0</subfield>
    <subfield code="7">1</subfield>
    <subfield code="a">BUHI</subfield>
    <subfield code="b">BUHI</subfield>
    <subfield code="c">UTH</subfield>
    <subfield code="d">2023-11-22</subfield>
    <subfield code="l">0</subfield>
    <subfield code="o">UTH BSOA Ar43i 2021</subfield>
    <subfield code="p">00041UM-BUH</subfield>
    <subfield code="r">2023-11-22 00:00:00</subfield>
    <subfield code="t">1-1</subfield>
    <subfield code="w">2023-11-22</subfield>
    <subfield code="y">UM</subfield>
  </datafield>
  <datafield tag="999" ind1=" " ind2=" ">
    <subfield code="c">26594</subfield>
    <subfield code="d">26594</subfield>
  </datafield>
</record>
